Gestion budgétaire
Guardat en:
| Autor principal: | |
|---|---|
| Format: | Llibre |
| Idioma: | francès |
| Publicat: |
París
Dunod
1969
|
| Edició: | 3a. ed |
| Matèries: | |
| Etiquetes: |
Afegir etiqueta
Sense etiquetes, Sigues el primer a etiquetar aquest registre!
|
MARC
| LEADER | 00000nam a2200000 a 4500 | ||
|---|---|---|---|
| 001 | UCQ0258 | ||
| 003 | CL-VaPUC | ||
| 008 | 980627e19690000FR |||||||||||||||||fre|d | ||
| 082 | 0 | 4 | |a 658.154 |b MEY |2 21 |
| 100 | |a Meyer, Jean |e autor |9 414102 | ||
| 245 | 1 | 0 | |a Gestion budgétaire |
| 250 | |a 3a. ed | ||
| 300 | |a 392 p | ||
| 942 | |c BK | ||
| 945 | |d 19980627 00:00:00 |a cmena | ||
| 260 | |a París |b Dunod |c 1969 | ||
| 650 | 7 | |a PRESUPUESTO |2 CL-VaPUC |9 306206 | |
| 650 | 0 | |a Control presupuestario |9 345693 | |
| 650 | 0 | |a Administración financiera |9 261146 | |
| 650 | 0 | |a Contabilidad de costos |9 260564 | |
| 650 | 7 | |a PLANIFICACION Y CONTROL |2 CL-VaPUC |9 413399 | |
| 583 | |a last modification |c 19980627 00:00:00 |k Rodrigo Vera | ||
| 999 | |c 271397 |d 271395 | ||
| 952 | |0 0 |1 0 |4 0 |6 658_154000000000000_MEY_1969 |7 0 |8 P |9 306040 |a BIBGIM |b BIBGIM |d 2019-11-20 |i 1426656 |o 658.154 MEY 1969 |p 1426656 |r 2025-01-15 |w 2019-11-20 |y BK |k COM | ||